Państwa należące kiedyś do Jugosławii wg. PKB na osobę - Statystyki

Ogólne statystyki
  • Ten quiz został rozwiązany 110 razy
  • Średni wynik to 6 z 7
Statystyki odpowiedzi
PKB Państwo % Poprawnych
14 869 USD Chorwacja
97%
26 234 USD Słowenia
95%
7234 USD Serbia
93%
5951 USD Bośnia i Hercegowina
89%
8761 USD Czarnogóra
89%
4281 USD Kosowo
89%
6084 USD Macedonia
88%
Nie znaleziono quizów pasujących do podanych kryteriów
Rozkład punktacji
Procent ludzi z każdym wynikiem
Percentyl według liczby udzielonych odpowiedzi
Twoja historia wyników
Nie rozwiązałeś tego quizu